Saint-Cyran et le jansénisme, 25
Guardat en:
| Autor principal: | |
|---|---|
| Format: | Llibre |
| Idioma: | francès |
| Publicat: |
París
Du Seuil
1961
|
| Col·lecció: | Maîtres spirituels
|
| Matèries: | |
| Etiquetes: |
Afegir etiqueta
Sense etiquetes, Sigues el primer a etiquetar aquest registre!
|
MARC
| LEADER | 00000nam a2200000 a 4500 | ||
|---|---|---|---|
| 001 | UCZ6112 | ||
| 003 | CL-VaPUC | ||
| 008 | 951201e19610000FR |||||||||||||||||fre|d | ||
| 082 | 0 | 4 | |a 284.84 |b ORC |2 21 |
| 100 | |a Orcibal, Jean |e auteur |9 350329 | ||
| 245 | 1 | 0 | |a Saint-Cyran et le jansénisme, 25 |
| 300 | |a 190 p | ||
| 942 | |c BK | ||
| 945 | |d 19951201 00:00:00 |a cmena | ||
| 260 | |a París |b Du Seuil |c 1961 | ||
| 650 | 7 | |a JAINISMO |2 CL-VaPUC |9 350330 | |
| 650 | 7 | |a DOCTRINAS RELIGIOSAS |2 CL-VaPUC |9 337177 | |
| 650 | 7 | |a RELIGIONES MODERNAS |2 CL-VaPUC |9 337686 | |
| 650 | 0 | |a Religión |9 255164 | |
| 583 | |a last modification |c 19951201 00:00:00 |k Rodrigo Vera | ||
| 490 | 0 | |a Maîtres spirituels | |
| 999 | |c 242368 |d 242366 | ||
| 952 | |0 0 |1 0 |4 0 |6 284_840000000000000_ORC_1961 |7 0 |8 P |9 255248 |a BIBEDU |b BIBEDU |c BIBEDU_PB |d 2019-11-19 |i 1600737 |o 284.84 ORC 1961 |p 1600737 |r 2024-01-25 |w 2019-11-19 |y BK |k FIL | ||